000 00648cam a22002413a 4500
001 574
003 PGUSA
005 20140828082950.0
008 960601s1996||||xxu|||||s|||||000 p eng d
040 _aPGUSA
_beng
042 _adc
050 4 _aPR
100 1 _aBlake, William,
_d1757-1827
245 1 0 _aPoems of William Blake
_h[electronic resource] /
_cWilliam Blake
260 _bProject Gutenberg,
_c1996
506 _aPublic domain in the USA.
516 _aElectronic text
653 _aEnglish poetry
653 _aPastoral poetry
830 0 _aProject Gutenberg
_v574
856 4 0 _uhttp://www.gutenberg.org/ebooks/574
942 _cEB
999 _c229925
_d229925